000 00687nam a22001937a 4500
999 _c331852
_d331852
003 NUST
005 20171030154130.0
008 171005b xxu||||| |||| 00| 0 eng d
020 _a8176480134
040 _c0
082 _a628 RAJ
100 _aRajvaidya,neelima
_92651
245 _aAdvanced in Environmental Science and Technology (in 8 Volumes):
_bEnvironmental Biochemistry vol 3
_cNeelima Rajvaidya
260 _aNew Delhi
_bA.P.H Publishing
_c1998
300 _a424p.
500 _aH.B
942 _2ddc
_cBK
_kIESE